serun
ՀԱՅ ԳԻՐՔ = Armenian Book

Նոր կտակարան մեր Տեր Հիսուս Քրիստոսի / (Record no. 165053)

000 -LEADER
fixed length control field nam a22 a 4500
003 - CONTROL NUMBER IDENTIFIER
control field AM-YeNLA
005 - DATE AND TIME OF LATEST TRANSACTION
control field 20250905155953.0
007 - PHYSICAL DESCRIPTION FIXED FIELD--GENERAL INFORMATION
fixed length control field ta
008 - FIXED-LENGTH DATA ELEMENTS--GENERAL INFORMATION
fixed length control field 250905s2025 ai ||||gr|||||000|0|arm||
020 ## - INTERNATIONAL STANDARD BOOK NUMBER
International Standard Book Number 978-9939-1-2047-8
040 ## - CATALOGING SOURCE
Language of cataloging arm
Transcribing agency AM-YeNLA
041 0# - LANGUAGE CODE
Language code of text/sound track or separate title arm
130 4# - MAIN ENTRY--UNIFORM TITLE
9 (RLIN) 33682
Uniform title Աստվածաշունչ
Name of part/section of a work Նոր կտակարան
245 00 - TITLE STATEMENT
Title Նոր կտակարան մեր Տեր Հիսուս Քրիստոսի /
Statement of responsibility, etc. «Բիբլիական» միավորում կրթամշակութային ՀԿ.
246 14 - VARYING FORM OF TITLE
Remainder of title Նոր կտակարան
246 15 - VARYING FORM OF TITLE
Title proper/short title Աստվածաշունչ մատյանի նոր կտակարանը
260 ## - PUBLICATION, DISTRIBUTION, ETC. (IMPRINT)
Place of publication, distribution, etc. Երևան ։
Name of publisher, distributor, etc. տպ. «Դավիթ թագավոր»,
Date of publication, distribution, etc. 2025.
300 ## - PHYSICAL DESCRIPTION
Extent 522 էջ ;
Dimensions 21 սմ.
500 ## - GENERAL NOTE
General note Սյունակագիր։
500 ## - GENERAL NOTE
General note Արդի արևելահայերեն այս Նոր կտակարանը 1896 թ. արևելահայերեն «Արարատ» թարգմանության վերածումն է ժամանակակից հայերենի։
504 ## - BIBLIOGRAPHY, ETC. NOTE
Bibliography, etc Տողատակերում՝ մատենագիտական ծանոթագրություններ։
630 24 - SUBJECT ADDED ENTRY--UNIFORM TITLE
Uniform title Աստվածաշունչ ։
Name of part/section of a work Նոր կտակարան
710 2# - ADDED ENTRY--CORPORATE NAME
Corporate name or jurisdiction name as entry element «Բիբլիական» միավորում կրթամշակութային ՀԿ
942 ## - ADDED ENTRY ELEMENTS (KOHA)
Source of classification or shelving scheme
Koha item type Books
Holdings
Withdrawn status Lost status Source of classification or shelving scheme Damaged status Not for loan Permanent Location Current Location Date acquired Inventory number Date last seen Price effective from Koha item type
          National Library of Armenia National Library of Armenia 2025-09-05 ՀԱԳ 2025-09-05 2025-09-05 Books

Հայաստանի ազգային գրադարան ՀՀ, 0009,Երևան, Տերյան 72
Հետադարձ կապ